Enamik klahvivajutusi – 15 sekundi sprint - Statistics

General Stats
  • This quiz has been taken 460 times
  • The average score is 57 of 160
Answer Stats
# % Correct
1
99%
2
90%
3
89%
4
88%
5
87%
6
82%
7
81%
8
81%
10
80%
9
80%
11
79%
12
79%
13
77%
14
77%
15
77%
16
75%
17
75%
18
75%
19
73%
20
68%
21
68%
22
68%
23
68%
24
67%
25
67%
26
67%
27
67%
28
67%
29
67%
30
65%
31
65%
32
65%
33
65%
34
65%
35
64%
36
62%
37
61%
38
60%
39
60%
40
57%
41
55%
42
55%
43
55%
44
55%
45
55%
46
55%
47
55%
48
52%
49
52%
50
52%
51
52%
52
51%
53
51%
54
50%
55
50%
56
50%
57
50%
58
48%
59
46%
60
46%
61
46%
62
45%
63
45%
64
45%
65
45%
66
45%
67
45%
68
43%
69
43%
70
42%
71
38%
72
38%
73
37%
74
35%
75
35%
76
35%
77
33%
78
30%
79
29%
80
27%
81
27%
82
27%
83
26%
84
26%
85
25%
86
25%
87
25%
88
25%
89
25%
90
24%
91
23%
100
21%
101
21%
92
21%
93
21%
94
21%
95
21%
96
21%
97
21%
98
21%
99
21%
102
20%
103
19%
104
17%
105
17%
106
17%
107
17%
108
17%
109
17%
110
15%
111
15%
112
14%
113
13%
114
12%
115
12%
116
12%
117
12%
118
12%
119
12%
120
12%
121
12%
122
12%
123
12%
124
11%
125
11%
126
11%
127
11%
128
10%
129
7%
130
6%
131
6%
132
6%
133
6%
134
6%
135
6%
136
6%
137
6%
138
6%
139
5%
140
5%
141
5%
142
5%
143
5%
144
5%
145
4%
146
4%
147
4%
148
4%
149
2%
150
2%
151
2%
152
2%
153
2%
154
2%
155
2%
156
2%
157
2%
158
2%
159
2%
160
2%
No matching quizzes found
Score Distribution
Percent of People with Each Score
Percentile by Number Answered
Your Score History
You have not taken this quiz